00821nam a22002177a 450000500170000001000150001702000270003203500140005903700130007308200080008610000260009424500810012026000640020127001180026530000240038360000130040770000100042094200220043099900190045295201320047120231128121950.0 aENG-138468 c1099.00a9789351528098 aEN-122000 bDBAD/PUB a500 aSingh, Pritesh959105 aReview of Aiims:bPg Entrance Examination 2014-2011/cBy Pritesh Kumar Singh aNew DelhibJaypee Brother Medical Publishers Pvt. Ltdc2015 bNew Delhia4838/24, Ansari Road, Daryaganje110002mjaypee@jaypeebrothers.comk+91-11-43574357l+91- 11- 43574314 a1416 p.c28cm (pbk) d 959106 959024 2ddccENh500mPRI c199254d199254 001040708NFICaVPbVPd2023-11-28eDBAD/PUBg1099.00l0o500 PRIpEN-122000r2023-11-28 00:00:00t1v1099.00w2023-11-28yEN